Friede auf Erden! (Record no. 6581)

MARC details
000 -CABECERA
campo de control de longitud fija 00598nam a2200229 a 4500
001 - NÚMERO DE CONTROL
campo de control BRCA_6899
005 - FECHA Y HORA DE LA ÚLTIMA TRANSACCIÓN
campo de control 20190321142935.0
008 - DATOS DE LONGITUD FIJA--INFORMACIÓN GENERAL
campo de control de longitud fija 151111s1918----gw-#######---#000-0#ger-#
041 ## - CÓDIGO DE LENGUA
Código de lengua del texto/banda sonora o título independiente ger
044 ## - CÓDIGO DEL PAÍS DE LA ENTIDAD EDITORA/PRODUCTORA
Código MARC del país gw
050 #4 - SIGNATURA TOPOGRÁFICA DE LA BIBLIOTECA DEL CONGRESO
Número de documento/Ítem .S77 1918
100 1# - ENTRADA PRINCIPAL--NOMBRE DE PERSONA
Nombre de persona Stratz, Rudolf
9 (RLIN) 17181
245 10 - MENCIÓN DE TÍTULO
Título Friede auf Erden!
Mención de responsabilidad, etc. von Rudolph Stratz.
260 ## - PUBLICACIÓN, DISTRIBUCIÓN, ETC.
Lugar de publicación, distribución, etc. Berlín ; Viena
Nombre del editor, distribuidor, etc. Ullstein
Fecha de publicación, distribución, etc. 1918
300 ## - DESCRIPCIÓN FÍSICA
Extensión 185 p.
Dimensiones 15 cm.
440 #0 - MENCIÓN DE SERIE/PUNTO DE ACCESO ADICIONAL--TÍTULO
Título Ullstein-Bücher
Designación de volumen o secuencia 100
9 (RLIN) 17182
500 ## - NOTA GENERAL
Nota general Estado físico: encuadernanción desprendida
500 ## - NOTA GENERAL
Nota general L155
650 14 - PUNTO DE ACCESO ADICIONAL DE MATERIA--TÉRMINO DE MATERIA
Término de materia o nombre geográfico como elemento de entrada Literatura
9 (RLIN) 16400
902 ## - CATALOGADOR
Iniciales GFM
942 ## - ELEMENTOS DE PUNTO DE ACCESO ADICIONAL (KOHA)
Fuente del sistema de clasificación o colocación Library of Congress Classification
Tipo de ítem Koha Libros
Holdings
Estado de retiro Estado de pérdida Estado dañado No para préstamo Localización permanente Ubicación/localización actual Fecha de adquisición Número de inventario Total de préstamos Signatura topográfica completa Código de barras Fecha visto por última vez Precio válido a partir de Tipo de ítem Koha
El ejemplar forma parte de la colección y puede ser consultado según las políticas vigentes.       Biblioteca del Museo Franz Mayer (Rogerio Casas-Alatriste) Biblioteca del Museo Franz Mayer (Rogerio Casas-Alatriste) 15/11/2011 L155   .S77 1918 (L155) 7346 22/03/2019 22/03/2019 Libros